00000000nam##2200000za#4500
0019.679869
003CaOODSP
00520200401054035
007ta
008150407|1996||||xxc|||||     f|0| 0 fre|d
020 |a0-662-81493-2
040 |aCaOODSP|bfre
043 |an-cn---
0861 |aH68-39/1996F
1101 |aCanada.|bSanté Canada. |bConsei national du bien-être social.
24510|aAméliorer le Régime de pensions du Canada : |brapport du Conseil national du bien-être social
260 |aOttawa - Ontario : |bSanté Canada. |c1996.
300 |a41p. : |bgraphiques, références, tableaux ; |c28 cm.
500 |aSommaire: Avant-propos.--Mythes et réalités.--Financer le Régime de pensions du Canada.--Améliorer le Régime de pensions du Canada et le Régime de rentes du Québec.--Embûches liées au processus de réforme du RPC.--Conclusion et sommaire des recommandations.--Renvois.
563 |aCouverture souple
590 |a96-42|b1996-10-18
77508|tImproving the Canada Pension Plan : |w(CaOODSP)9.646311
7760#|tAméliorer le Régime de pensions du Canada |w(CaOODSP)9.640700